Guts and Blackpowder Sapper Items - Statistics

General Stats
  • This quiz has been taken 84 times
  • The average score is 6 of 7
Answer Stats
Shop Price Item % Correct
Free Axe
99%
Free Hammer
97%
300 Francs Pickaxe
94%
50 Francs Water Bucket
84%
600 Francs Spade
83%
75 Francs Siege Engineer Armor
73%
250 Francs Grenades
71%
No matching quizzes found
Score Distribution
Percent of People with Each Score
Percentile by Number Answered
Your Score History
You have not taken this quiz